[Event "Gibraltar Challengers B 2019"]
[Site "Caleta"]
[Date "2019.01.29"]
[Round "4"]
[White "Broekman, Willem"]
[Black "Orndahl, Mats"]
[Result "1-0"]
[WhiteElo "2071"]
[BlackElo "2160"]
[Annotator "NA RC"]
[PlyCount "128"]
[EventDate "2019.01.18"]
[EventType "swiss"]
[EventCountry "GGB"]
[SourceTitle "playchess.com"]
[Source "ChessBase"]
[SourceQuality "1"]
[TimeControl "6600+10"]

1. d4 {[%emt 0:00:00]} d5 {[%emt 0:04:12]} 2. c4 {[%emt 0:00:00]} c6 {[%emt 0:00:06]} 3. Nf3 {[%emt 0:00:00]} Nf6 {[%emt 0:00:12]} 4. Qb3 {[%emt 0:00:06]} dxc4 {[%emt 0:00:19]} 5. Qxc4 {[%emt 0:00:14]} Bg4 {[%emt 0:00:13]} 6. Nbd2 {[%emt 0:01:59]} e6 {[%emt 0:01:07] D23: Queen's Gambit Accepted: 3 Nf3 Nf6 sidelines} 7. g3 {[%emt 0:00:35]} Nbd7 {[%emt 0:00:24]} 8. Bg2 {[%emt 0:00:24]} Be7 {[%emt 0:00:11]} 9. O-O {[%emt 0:00:54]} O-O {[%emt 0:00:33]} 10. Rd1 {[%emt 0:04:29]} (10. Qb3 b5 11. h3 Bh5 12. g4 Bg6 13. Nh4 Qb6 14. Nxg6 hxg6 {½-½ (63) Mamedyarov,S (2817)-Gozzoli,Y (2630) chess.com INT 2019}) 10... Qb6 {[%emt 0:17:51]} 11. b3 {[%emt 0:16:53]} a5 $146 {[%emt 0:16:28]} ({Predecessor:} 11... c5 12. Bb2 cxd4 13. Bxd4 Bc5 14. Bxc5 Qxc5 15. Qxc5 Nxc5 {½-½ (30) Van Wely,L (2653)-Lintchevski,D (2561) Jurmala 2016}) 12. Bb2 {[%emt 0:04:29]} a4 {[%emt 0:02:25]} 13. e4 {[%emt 0:02:10]} Rfd8 {[%emt 0:05:57]} 14. Bc3 {[%emt 0:06:22]} Qa6 {[%emt 0:03:44]} 15. Qxa6 {[%emt 0:06:24]} Rxa6 {[%emt 0:00:18]} 16. b4 {[%emt 0:00:34]} Raa8 {[%emt 0:08:22]} 17. Re1 {[%emt 0:00:19]} Rac8 {[%emt 0:08:29]} 18. Rac1 {[%emt 0:04:51]} b6 {[%emt 0:01:12]} (18... Ne8 $11 {keeps the balance.}) 19. Nc4 {[%emt 0:00:31]} Bh5 {[%emt 0:02:42]} 20. Nfe5 {[%emt 0:03:44]} c5 $2 {[%emt 0:11:18]} (20... Nxe5 $14 21. dxe5 Nd7) 21. Nxd7 {[%emt 0:04:11]} Nxd7 {[%emt 0:00:14]} 22. dxc5 {[%emt 0:00:24]} bxc5 {[%emt 0:00:51]} 23. b5 {[%emt 0:00:33]} f6 {[%emt 0:04:27]} 24. Rb1 {[%emt 0:02:13]} e5 {[%emt 0:03:02]} 25. Na5 {[%emt 0:05:26]} Nb6 {[%emt 0:07:26]} 26. Bf1 {[%emt 0:02:54]} Bf7 {[%emt 0:06:58]} 27. Nc6 {[%emt 0:01:36]} Re8 {[%emt 0:00:39]} 28. a3 {[%emt 0:07:25]} (28. Ba5 $16 Nc4 29. Bh3 Nxa5 30. Nxe7+ Rxe7 31. Bxc8 Bxa2 32. Rbc1) 28... Bb3 {[%emt 0:00:40]} (28... Bf8 $11 {remains equal.}) 29. Ba5 {[%emt 0:01:40]} Nc4 {[%emt 0:00:39]} 30. Bxc4+ {[%emt 0:01:57]} ({White should try} 30. Rxb3 $16 Nxa5 31. Rc3 Nxc6 32. bxc6) 30... Bxc4 {[%emt 0:00:01]} 31. Rb2 {[%emt 0:08:09]} Bb3 {[%emt 0:01:46]} 32. Rd2 {[%emt 0:10:55]} c4 {[%emt 0:00:07]} 33. Nxe7+ {[%emt 0:04:25]} Rxe7 {[%emt 0:00:01]} 34. Rc1 {[%emt 0:03:04]} Kf7 {[%emt 0:01:04]} 35. Rc3 {[%emt 0:00:38]} Ke8 {[%emt 0:00:08]} 36. b6 {[%emt 0:01:29]} Rd7 {[%emt 0:00:17]} 37. Rc1 {[%emt 0:02:09]} Rxd2 {[%emt 0:00:05]} 38. Bxd2 {[%emt 0:00:02]} Kd7 {[%emt 0:00:10]} 39. Rc3 {[%emt 0:00:16]} Kc6 {[%emt 0:00:14]} 40. Be3 {[%emt 0:00:19]} Rd8 {[%emt 0:00:08]} 41. Kg2 {[%emt 0:00:51]} Rd1 {[%emt 0:00:13]} 42. h4 {[%emt 0:00:02]} Ra1 {[%emt 0:00:08]} 43. Bc1 {[%emt 0:00:03]} Kxb6 {[%emt 0:00:07]} 44. Kf3 {[%emt 0:00:10]} Ra2 {[%emt 0:00:08]} 45. Ke3 {[%emt 0:00:06]} Kc5 {[%emt 0:00:19]} 46. g4 {[%emt 0:00:17]} g6 {[%emt 0:00:17]} 47. f4 {[%emt 0:00:10]} Bd1 {[%emt 0:00:12]} 48. fxe5 {[%emt 0:00:10]} fxe5 {[%emt 0:00:02]} 49. Bd2 {[%emt 0:00:15]} Bxg4 {[%emt 0:00:10]} 50. Rc1 {[%emt 0:00:28]} Rxa3+ {[%emt 0:00:10]} 51. Bc3 {[%emt 0:00:02]} Rb3 {[%emt 0:00:20]} 52. Kd2 {[%emt 0:00:02]} Bf3 {[%emt 0:00:18]} 53. Re1 {[%emt 0:00:05]} Kd6 {[%emt 0:00:09]} 54. Kc2 {[%emt 0:00:12]} a3 {[%emt 0:00:14]} 55. Re3 {[%emt 0:00:08]} Bg4 {[%emt 0:00:23]} 56. Rg3 {[%emt 0:00:05]} Bd7 $19 {[%emt 0:00:27]} 57. Rf3 {[%emt 0:00:05]} a2 {[%emt 0:00:20]} 58. Rf6+ {[%emt 0:00:16]} Be6 {[%emt 0:00:06]} 59. Rf1 {[%emt 0:00:05]} Rb7 {[%emt 0:00:31]} 60. Ra1 {[%emt 0:00:01]} Ra7 {[%emt 0:00:03]} 61. Rd1+ {[%emt 0:00:10]} Ke7 {[%emt 0:00:25]} 62. Bxe5 {[%emt 0:00:03]} h6 {[%emt 0:00:01]} 63. Ba1 {[%emt 0:00:02]} Ra3 {[%emt 0:00:05]} 64. Rg1 {[%emt 0:00:07]} Kf7 {[%emt 0:00:05]} 1-0

[Event "Gibraltar Challengers B 2019"]
[Site "Caleta"]
[Date "2019.01.29"]
[Round "4"]
[White "Alami, Halim"]
[Black "Abdulraheem Abdulrahman Akint"]
[Result "0-1"]
[WhiteElo "2059"]
[BlackElo "2224"]
[Annotator "NA RC"]
[PlyCount "131"]
[EventDate "2019.01.18"]
[EventType "swiss"]
[EventCountry "GGB"]
[SourceTitle "playchess.com"]
[Source "ChessBase"]
[SourceQuality "1"]
[TimeControl "6600+10"]

{[%evp 24,118,-7,-40,-16,-30,-8,-33,-31,-31,-33,-64,-12,-16,-12,-2,32767,-30,-29,-16,0,-24,0,-16,0,-52,8,-7,-35,32767,-2,-12,0,-16,0,-58,-10,0,0,0,0,-18,-12,-44,32767,32767,32767,-4,32767,32767,32767,32767,0,-12,-13,-14,-10,-50,-61,-85,32767,-229,32767,32767,32767,32767,32767,32767,-340,32767,-410,-504,-590,-639,32767,-626,32767,-565,32767,32767,-755,32767,32767,-737,-306,-215,-245,-263,-280,-314,-276,-220,32767,32767,32767,-374,-220]} 1. e4 {[%emt 0:00:13]} e5 {[%emt 0:04:58]} 2. Nf3 {[%emt 0:00:25]} Nc6 {[%emt 0:00:08]} 3. Nc3 {[%emt 0:00:11]} Bb4 {[%emt 0:02:00]} 4. a3 {[%emt 0:02:32]} Be7 {[%emt 0:06:23] C46: 3 Nc3: Unusual Black 3rd moves} (4... Bxc3 5. bxc3 Nf6 6. d3 d5 7. c4 dxe4 8. Ng5 Bg4 9. f3 exf3 10. h3 f2+ 11. Kxf2 Bxd1 12. Ke1 Bh5 13. g4 h6 14. Nf3 {0-1 (25) Jovic,D (2135)-Sarovski,N (1898) Grocka 2015}) 5. d4 {[%emt 0:01:26]} exd4 {[%emt 0:00:31]} 6. Nxd4 {[%emt 0:00:11]} Nf6 $146 {[%emt 0:00:29]} ({Predecessor:} 6... Bc5 7. Nxc6 bxc6 8. Bf4 Ne7 9. Bc4 O-O 10. O-O Ng6 11. Bg3 d6 12. Rb1 {0-1 (30) Schultz,H (1168)-Ezzat,T (1549) Dortmund 2003}) 7. Nf5 {[%emt 0:02:06]} O-O {[%emt 0:02:32]} 8. Be2 {[%emt 0:08:20]} d5 {[%emt 0:07:15]} 9. Nxe7+ {[%emt 0:03:06]} Nxe7 {[%emt 0:00:27]} 10. e5 {[%emt 0:12:34]} Ne8 {[%emt 0:03:32]} 11. Bg5 {[%emt 0:04:49]} c6 {[%emt 0:04:01]} 12. Bd3 {[%emt 0:04:46]} Qc7 {[%emt 0:05:29]} 13. f4 {[%emt 0:10:37]} f6 {[%emt 0:00:54]} 14. exf6 {[%emt 0:06:40]} Nxf6 {[%emt 0:00:07]} 15. O-O {[%emt 0:10:37]} Nf5 {[%emt 0:03:27]} 16. Bxf6 {[%emt 0:03:30]} Rxf6 {[%emt 0:00:27]} 17. Qe1 {[%emt 0:17:16]} ({Much weaker is} 17. Qh5 Qb6+ 18. Kh1 Ng3+ 19. hxg3 Rh6 $17) 17... Bd7 {[%emt 0:01:39]} 18. Qf2 {[%emt 0:01:46]} b6 {[%emt 0:04:13]} 19. Rae1 {[%emt 0:00:28]} Raf8 {[%emt 0:00:13]} 20. Ne2 {[%emt 0:04:21]} c5 {[%emt 0:01:19]} 21. c3 {[%emt 0:07:37]} h6 {[%emt 0:08:16]} 22. Bc2 {[%emt 0:00:31]} Bb5 {[%emt 0:01:58]} 23. Bb3 {[%emt 0:00:51]} Bc6 {[%emt 0:05:39]} 24. Bc2 {[%emt 0:02:22]} Kh8 {[%emt 0:00:55]} (24... Nd6 $15) 25. Ng3 {[%emt 0:00:18]} Nxg3 {[%emt 0:04:40]} 26. Qxg3 {[%emt 0:01:01]} Bb5 {[%emt 0:09:29]} 27. Rf3 {[%emt 0:00:11]} d4 {[%emt 0:00:24]} 28. a4 {[%emt 0:02:49]} Ba6 {[%emt 0:03:18]} 29. Bg6 {[%emt 0:00:58]} Bb7 {[%emt 0:01:59]} ({Don't blunder} 29... Rxf4 $2 30. Rxf4 Rg8 {[#]} 31. Rf8 $1 $18 {[%mdl 512]}) 30. Rf2 {[%emt 0:00:08]} Bc6 {[%emt 0:02:00]} ({Avoid the trap} 30... Rxf4 $2 31. Rxf4 Qd8 32. Rxf8+ Qxf8 33. Re8 $18) 31. Bc2 {[%emt 0:00:22]} Qd6 {[%emt 0:02:20]} 32. Qd3 {[%emt 0:00:22]} g6 {[%emt 0:00:54]} 33. Qg3 {[%emt 0:00:47]} c4 {[%emt 0:06:56]} 34. cxd4 {[%emt 0:00:07]} Qxd4 {[%emt 0:00:07]} 35. Qc3 {[%emt 0:00:45]} Qxc3 {[%emt 0:01:10]} 36. bxc3 {[%emt 0:00:02]} Kg7 {[%emt 0:05:17]} 37. Re7+ {[%emt 0:00:09]} R8f7 {[%emt 0:00:11]} 38. Rxf7+ {[%emt 0:00:05]} Kxf7 {[%emt 0:00:18]} 39. g3 {[%emt 0:00:13]} Rd6 {[%emt 0:02:58]} 40. Re2 {[%emt 0:00:02]} Bf3 {[%emt 0:00:25]} 41. Re3 {[%emt 0:00:17]} Bd1 {[%emt 0:00:13]} 42. Be4 {[%emt 0:00:38]} (42. Bxd1 $17 {only move.} Rxd1+ 43. Kf2) 42... Bxa4 {[%emt 0:00:15]} 43. f5 {[%emt 0:00:20]} g5 {[%emt 0:00:52]} 44. Bf3 {[%emt 0:00:15]} Kf6 {[%emt 0:01:11]} 45. Bh5 {[%emt 0:00:12]} Bd7 {[%emt 0:00:49]} ({Don't play} 45... Kxf5 46. Be2 $19) 46. Be2 {[%emt 0:00:06]} b5 {[%emt 0:00:39]} 47. g4 {[%emt 0:00:02]} a5 {[%emt 0:00:26]} 48. Kf2 {[%emt 0:00:03]} a4 {[%emt 0:00:19]} 49. Rg3 $1 {[%emt 0:00:15]} Rd2 {[%emt 0:00:49]} (49... a3 $142 50. Rg1 Rd2) 50. Rh3 {[%emt 0:00:20]} Kg7 {[%emt 0:01:04]} 51. Ke1 {[%emt 0:00:03]} Rd6 {[%emt 0:00:16]} 52. Rg3 {[%emt 0:00:12]} Kf6 {[%emt 0:00:17]} 53. Kf2 {[%emt 0:00:02]} Bc6 {[%emt 0:00:38]} 54. Ke3 {[%emt 0:00:16]} Rd8 {[%emt 0:00:52]} 55. Rh3 {[%emt 0:00:02]} Kg7 {[%emt 0:00:10]} 56. Rg3 {[%emt 0:00:22]} Bb7 {[%emt 0:00:13]} 57. Rg1 $19 {[%emt 0:00:05]} Kf6 {[%emt 0:00:04]} 58. Rb1 {[%emt 0:00:07]} Bc6 {[%emt 0:00:03]} 59. Rf1 {[%emt 0:00:20]} Rd6 {[%emt 0:00:03]} 60. Rb1 {[%emt 0:00:16]} Ke5 {[%emt 0:00:04]} 61. Rf1 {[%emt 0:00:06]} Be8 {[%emt 0:00:24]} 62. h4 {[%emt 0:00:13]} gxh4 {[%emt 0:00:31]} 63. Rh1 {[%emt 0:00:11]} Bc6 {[%emt 0:00:01]} 64. Rxh4 {[%emt 0:00:09]} a3 {[%emt 0:00:01]} 65. Bxc4 {[%emt 0:00:12]} bxc4 {[%emt 0:00:05]} 66. f6 {[%emt 0:00:24]} 0-1

[Event "Gibraltar Challengers B 2019"]
[Site "Caleta"]
[Date "2019.01.29"]
[Round "4"]
[White "Ungureanu, Sandu"]
[Black "Adebajo, Olufemi"]
[Result "1-0"]
[WhiteElo "2057"]
[BlackElo "1915"]
[Annotator "NA RC"]
[PlyCount "114"]
[EventDate "2019.01.18"]
[EventType "swiss"]
[EventCountry "GGB"]
[SourceTitle "playchess.com"]
[Source "ChessBase"]
[SourceQuality "1"]
[TimeControl "6600+10"]

1. g3 {[%emt 0:00:00]} d5 {[%emt 0:09:08]} 2. Bg2 {[%emt 0:00:05]} c6 {[%emt 0:00:13]} 3. d3 {[%emt 0:00:18]} e5 {[%emt 0:02:02]} 4. Nf3 {[%emt 0:00:43]} Qc7 {[%emt 0:00:24]} 5. e4 {[%emt 0:00:45]} Nf6 {[%emt 0:00:50]} 6. exd5 {[%emt 0:00:11]} cxd5 {[%emt 0:00:20]} 7. O-O {[%emt 0:00:09]} Bd6 {[%emt 0:00:35]} 8. Bg5 {[%emt 0:04:31]} Nbd7 {[%emt 0:00:10]} 9. Nc3 {[%emt 0:00:37]} a6 {[%emt 0:00:13]} 10. Nd2 {[%emt 0:01:18]} d4 {[%emt 0:07:09]} 11. Nce4 {[%emt 0:01:45]} Nxe4 {[%emt 0:00:32]} 12. Nxe4 {[%emt 0:00:06]} O-O {[%emt 0:00:23]} 13. c4 {[%emt 0:06:12]} f5 {[%emt 0:04:14]} 14. Nxd6 {[%emt 0:00:22]} Qxd6 {[%emt 0:00:09]} 15. Qf3 {[%emt 0:04:38]} Nf6 {[%emt 0:05:37]} 16. Bxf6 {[%emt 0:01:04]} Qxf6 {[%emt 0:01:11]} 17. Qd5+ {[%emt 0:01:16]} Be6 {[%emt 0:00:59]} 18. Qxb7 {[%emt 0:00:21]} Rab8 {[%emt 0:00:16]} 19. Qxa6 {[%emt 0:00:44]} Rxb2 {[%emt 0:00:09]} 20. Rfb1 {[%emt 0:01:30]} Rxb1+ {[%emt 0:00:45]} 21. Rxb1 {[%emt 0:00:07]} f4 {[%emt 0:00:22]} 22. gxf4 {[%emt 0:00:42]} exf4 {[%emt 0:00:43]} 23. Qxe6+ {[%emt 0:00:15]} Qxe6 {[%emt 0:00:43]} 24. Bd5 {[%emt 0:00:06]} Qxd5 {[%emt 0:00:27]} 25. cxd5 {[%emt 0:00:05]} Rd8 {[%emt 0:03:41]} 26. Rb5 {[%emt 0:00:35]} Kf7 {[%emt 0:02:39]} (26... Ra8 $16) 27. Kg2 {[%emt 0:00:37]} ({Better is} 27. a4) 27... Ra8 {[%emt 0:00:23]} 28. Rb4 {[%emt 0:00:57]} Rxa2 {[%emt 0:00:23]} 29. Rxd4 {[%emt 0:00:07]} g5 {[%emt 0:00:48]} 30. h4 {[%emt 0:00:21]} h6 {[%emt 0:00:25]} 31. Kf3 {[%emt 0:01:10]} Kf6 {[%emt 0:01:49]} 32. d6 {[%emt 0:00:48]} Ra8 {[%emt 0:00:09]} 33. hxg5+ {[%emt 0:01:46]} hxg5 {[%emt 0:00:27]} 34. d7 {[%emt 0:01:22]} Rd8 {[%emt 0:00:12]} 35. Ke4 {[%emt 0:00:22]} Ke6 {[%emt 0:12:05]} 36. f3 {[%emt 0:00:45]} Kf6 {[%emt 0:00:34]} 37. Rd5 {[%emt 0:00:20]} Ke6 {[%emt 0:01:03]} 38. Rxg5 {[%emt 0:00:10]} Rxd7 {[%emt 0:00:24]} 39. Rg6+ {[%emt 0:00:24]} Kf7 {[%emt 0:00:48]} 40. Rg4 {[%emt 0:00:09]} Re7+ {[%emt 0:03:11]} 41. Kxf4 {[%emt 0:00:13]} Re1 {[%emt 0:00:17]} 42. Rg5 {[%emt 0:01:33]} Kf6 {[%emt 0:01:24]} 43. Ra5 {[%emt 0:01:50]} Ke6 {[%emt 0:02:51]} 44. d4 {[%emt 0:01:11]} Rd1 {[%emt 0:01:30] [#]} 45. d5+ $1 {[%emt 0:00:35]} Kd6 {[%emt 0:00:35]} 46. Kf5 {[%emt 0:00:19]} Rh1 {[%emt 0:00:48]} 47. f4 {[%emt 0:00:13]} Rh8 {[%emt 0:00:25]} 48. Kg6 {[%emt 0:00:13]} Rg8+ {[%emt 0:00:59]} 49. Kf7 {[%emt 0:03:10]} Rg4 {[%emt 0:01:44]} 50. f5 {[%emt 0:02:43]} Ke5 {[%emt 0:02:30]} 51. f6 {[%emt 0:00:18]} Rb4 {[%emt 0:00:20]} 52. Ra6 {[%emt 0:01:36]} Kxd5 {[%emt 0:01:00]} 53. Kg6 {[%emt 0:00:15]} Rg4+ {[%emt 0:03:13]} 54. Kf5 {[%emt 0:01:58]} Rg1 {[%emt 0:00:28]} 55. f7 {[%emt 0:00:08]} Rf1+ {[%emt 0:00:40]} 56. Kg6 {[%emt 0:00:10]} Rg1+ {[%emt 0:00:38]} 57. Kh7 {[%emt 0:00:09]} Ke5 {[%emt 0:02:20]} 1-0

[Event "Gibraltar Challengers B 2019"]
[Site "Caleta"]
[Date "2019.01.29"]
[Round "4"]
[White "Kozarcanin, Sead"]
[Black "Osuna Vega, Enrique"]
[Result "1/2-1/2"]
[WhiteElo "2048"]
[BlackElo "2116"]
[Annotator "NA"]
[PlyCount "124"]
[EventDate "2019.01.18"]
[EventType "swiss"]
[EventCountry "GGB"]
[SourceTitle "playchess.com"]
[Source "ChessBase"]
[SourceQuality "1"]
[TimeControl "6600+10"]

1. b3 {[%emt 0:00:00]} e5 {[%emt 0:00:00]} 2. Bb2 {[%emt 0:00:00]} Nc6 {[%emt 0:00:03]} 3. e3 {[%emt 0:00:00]} g6 {[%emt 0:00:27]} 4. c4 {[%emt 0:01:24] A01: Nimzowitsch-Larsen Opening} (4. h4 h5 5. c4 Bg7 6. Nf3 d6 7. d3 Nf6 8. Nc3 a6 9. Be2 Ne7 10. Qc2 Nf5 11. O-O-O Ng4 {0-1 (30) Jobava,B (2627)-Svidler,P (2737) St Petersburg 2018}) 4... Bg7 {[%emt 0:00:38]} 5. g3 {[%emt 0:01:45]} Nge7 {[%emt 0:02:32]} 6. Bg2 {[%emt 0:00:22]} d5 {[%emt 0:00:33]} 7. cxd5 {[%emt 0:02:00]} Nxd5 {[%emt 0:00:08]} 8. a3 {[%emt 0:00:06]} O-O {[%emt 0:02:34]} 9. Ne2 {[%emt 0:02:29]} Be6 {[%emt 0:01:36]} 10. d4 $146 {[%emt 0:01:26]} ({Predecessor:} 10. Nbc3 f5 11. O-O Qd7 {1-0 (33) Cvek,R (2460)-Studnicka,T (2300) Plzen 2004}) 10... Nb6 {[%emt 0:10:00]} 11. O-O {[%emt 0:05:21]} exd4 {[%emt 0:00:09]} 12. Bxc6 {[%emt 0:05:00]} bxc6 {[%emt 0:03:04]} 13. Bxd4 {[%emt 0:02:14]} Bxd4 {[%emt 0:04:36]} 14. Nxd4 {[%emt 0:00:34]} Bh3 {[%emt 0:00:17]} 15. Re1 {[%emt 0:00:48]} c5 {[%emt 0:02:49]} 16. Nc2 {[%emt 0:06:12]} Qf6 {[%emt 0:01:16]} 17. f3 {[%emt 0:03:08]} Rad8 {[%emt 0:01:42]} 18. Qe2 {[%emt 0:01:21]} Be6 {[%emt 0:03:03]} 19. Nd2 {[%emt 0:07:26]} Qb2 {[%emt 0:11:50]} 20. Rec1 {[%emt 0:00:34]} Nd5 {[%emt 0:08:01]} 21. Ne4 $1 {[%emt 0:09:29]} Qxb3 {[%emt 0:05:49]} 22. Nxc5 {[%emt 0:02:57]} Nc3 {[%emt 0:02:17]} 23. Qe1 {[%emt 0:00:55]} Qc4 {[%emt 0:01:51]} (23... Qb2 $11) 24. Nd4 {[%emt 0:01:42]} Qxc5 {[%emt 0:01:43]} 25. Qxc3 {[%emt 0:01:50]} (25. Rxc3 $16 Qd6 26. Rac1) 25... Qe5 {[%emt 0:02:44]} 26. Nxe6 {[%emt 0:13:00]} Qxe6 {[%emt 0:00:25]} 27. Rd1 {[%emt 0:00:45]} Rb8 {[%emt 0:02:51]} 28. Rd3 {[%emt 0:01:03]} Rfd8 {[%emt 0:05:23]} 29. Rad1 {[%emt 0:02:15]} Rxd3 {[%emt 0:00:04]} 30. Rxd3 {[%emt 0:01:31]} c6 {[%emt 0:02:11]} 31. e4 {[%emt 0:01:22]} h5 {[%emt 0:05:20]} 32. Rd1 {[%emt 0:03:38]} Kh7 {[%emt 0:02:31]} 33. Rc1 {[%emt 0:03:41]} Rd8 {[%emt 0:03:31]} 34. Qxc6 {[%emt 0:02:47]} Rd1+ {[%emt 0:00:17]} 35. Kf2 {[%emt 0:00:14]} Qa2+ {[%emt 0:03:22]} 36. Rc2 {[%emt 0:03:04]} Qa1 {[%emt 0:02:33]} 37. Qc4 {[%emt 0:01:30]} Qf6 {[%emt 0:00:35]} 38. e5 {[%emt 0:02:14]} Qb6+ {[%emt 0:01:44]} 39. Kg2 {[%emt 0:03:26]} Rg1+ {[%emt 0:02:21]} 40. Kh3 {[%emt 0:00:04]} Qb7 {[%emt 0:00:16]} 41. Qc6 {[%emt 0:01:46]} Qb3 {[%emt 0:07:00]} 42. e6 {[%emt 0:06:29]} Qd3 {[%emt 0:00:02]} 43. Qe4 {[%emt 0:01:38]} (43. exf7 $16 Qf5+ 44. Kh4) 43... Qxe4 {[%emt 0:02:16]} 44. fxe4 {[%emt 0:00:02]} fxe6 {[%emt 0:00:03]} 45. Rc7+ {[%emt 0:01:16]} Kh6 {[%emt 0:00:01]} 46. Rxa7 {[%emt 0:00:01]} Re1 {[%emt 0:00:10]} 47. Kg2 {[%emt 0:02:31]} Rxe4 {[%emt 0:00:05]} 48. h4 $11 {[%emt 0:00:13]} g5 {[%emt 0:00:29]} 49. hxg5+ {[%emt 0:00:36]} Kxg5 {[%emt 0:00:02]} 50. Kf3 {[%emt 0:00:34]} Rc4 {[%emt 0:00:02]} 51. Ra5+ {[%emt 0:00:06]} Kg6 {[%emt 0:00:47]} 52. a4 {[%emt 0:00:03]} h4 {[%emt 0:00:16]} 53. gxh4 {[%emt 0:00:25]} Rxh4 {[%emt 0:00:03]} 54. Ra8 {[%emt 0:00:08]} Kf5 {[%emt 0:00:40]} 55. Rf8+ {[%emt 0:00:07]} Ke5 {[%emt 0:00:04]} 56. a5 {[%emt 0:00:09]} Rh3+ {[%emt 0:00:02]} 57. Kg2 {[%emt 0:00:04]} Ra3 {[%emt 0:00:02]} 58. Ra8 {[%emt 0:00:06]} Ke4 {[%emt 0:01:09]} 59. a6 {[%emt 0:00:05]} e5 {[%emt 0:00:04]} 60. a7 {[%emt 0:00:12]} Ra2+ {[%emt 0:00:43]} 61. Kg3 {[%emt 0:00:02]} Ra3+ {[%emt 0:00:01]} 62. Kg4 {[%emt 0:00:01]} Ke3 {[%emt 0:00:32]} 1/2-1/2

[Event "Gibraltar Challengers B 2019"]
[Site "Caleta"]
[Date "2019.01.29"]
[Round "4"]
[White "Dasaolu, Rotimi"]
[Black "Livesey, R Nigel"]
[Result "1/2-1/2"]
[WhiteElo "2038"]
[BlackElo "1797"]
[Annotator "NA RC"]
[PlyCount "54"]
[EventDate "2019.01.18"]
[EventType "swiss"]
[EventCountry "GGB"]
[SourceTitle "playchess.com"]
[Source "ChessBase"]
[SourceQuality "1"]
[TimeControl "6600+10"]

1. e4 {[%emt 0:00:00]} c6 {[%emt 0:00:00]} 2. d3 {[%emt 0:00:37]} d5 {[%emt 0:01:06]} 3. Nd2 {[%emt 0:00:08]} e5 {[%emt 0:01:39]} 4. Ngf3 {[%emt 0:00:12]} Bd6 {[%emt 0:01:00]} 5. g3 {[%emt 0:00:16]} Nf6 {[%emt 0:00:52]} 6. Bg2 {[%emt 0:00:11]} O-O {[%emt 0:00:38]} 7. O-O {[%emt 0:00:15]} Nbd7 {[%emt 0:02:19]} 8. c3 {[%emt 0:00:48]} a5 {[%emt 0:02:07]} 9. Qc2 {[%emt 0:00:42]} dxe4 {[%emt 0:01:05]} 10. dxe4 {[%emt 0:00:04]} Nb6 {[%emt 0:00:38]} 11. Rd1 {[%emt 0:00:38]} Qc7 {[%emt 0:01:44]} 12. Nf1 {[%emt 0:00:24]} Be6 {[%emt 0:04:47]} 13. Bg5 {[%emt 0:05:42]} Be7 {[%emt 0:00:34]} 14. Nh4 {[%emt 0:00:39]} h6 {[%emt 0:02:12]} 15. Bxf6 {[%emt 0:01:54]} Bxf6 {[%emt 0:00:12]} 16. Nf5 {[%emt 0:00:09]} Bxf5 {[%emt 0:00:31]} 17. exf5 {[%emt 0:04:23]} Rad8 {[%emt 0:04:21]} 18. Nd2 {[%emt 0:00:00]} Be7 {[%emt 0:03:32]} 19. Qe4 {[%emt 0:01:11]} Bf6 {[%emt 0:03:56]} 20. Qg4 {[%emt 0:00:23]} Qe7 {[%emt 0:02:07]} 21. Ne4 {[%emt 0:00:49]} Rfe8 {[%emt 0:02:08]} 22. Bf1 {[%emt 0:01:49]} Nc8 {[%emt 0:06:10]} 23. Rd3 {[%emt 0:21:56]} Rxd3 {[%emt 0:01:43]} 24. Bxd3 {[%emt 0:00:03]} Rd8 {[%emt 0:00:20]} 25. Bc2 {[%emt 0:02:48]} Nd6 {[%emt 0:02:04]} 26. Rd1 {[%emt 0:01:50]} Nxe4 {[%emt 0:01:11]} 27. Bxe4 {[%emt 0:00:12]} Rd6 {[%emt 0:00:59]} 1/2-1/2